000 01415cam a2200253 4500
001 ABS67181
008 031028n2003 000 0 eng u
035 _a(Sirsi) u124108
245 _a25 years of the Urban Design Group
260 _c2003
490 _aUrban Design Quarterly
_v(88) Autumn 2003, (50) LOAN
520 _aSpecial commemorative issue celebrating the 25 year history of the Urban Design Group. Reviews key achievements of the group, lists past presidents and chairmen, current and previous patrons and looks back at the early years of the group. Other topics covered include an overview of government policy with regard to urban design over the last 25 years, identifies initiatives which have helped to advance the understanding of urban space including the Urban Villages Group, The Architecture Foundation, the Prince's Foundation and the Commission for Architecture and the Built Environment (CABE). Educational achievements in urban design past and present and a review of the group's publications are also included.
590 _aABS
650 _aURBAN DESIGN GROUP
650 _aURBAN DESIGN
650 _aURBAN VILLAGES GROUP
650 _aTHE ARCHITECTURE FOUNDATION
650 _aPRINCE'S FOUNDATION
650 _aCABE
650 _aURBAN SPACES
650 _aURBAN DESIGN ALLIANCE
690 _aENVIRONMENTAL AND LAND CONSULTANCY-PLANNING AND DEVELOPMENT
942 _n0
999 _c73670
_d73670